000 00829nam a2200229Ia 4500
005 20260430150801.0
008 008 250103s9999 xx 000 0 hin d
037 _aTheses
040 _aCRL
040 _bhin
040 _chin
041 _2hin
041 _ahin
084 _qCRL
100 _aशाॅं, अमरदीप, ले.
_9868787
245 0 _aसमकालीन हिन्दी उपन्यासों में गाॅंव और शहर का अन्तः सम्बन्ध: 1990 से 2010 के विशेष संदर्भ में
260 _c2023
300 _a306पृ0
700 _aदिल्ली विश्वविद्यालय. कला संकाय. हिन्दी विभाग
942 _cTH
999 _c1850760
_d1850760